| 000 | 00456nab a2200145Ia 4500 | ||
|---|---|---|---|
| 003 | ES-SlBCS | ||
| 005 | 20210601132855.0 | ||
| 008 | 140529s1967 xxu||||| |||| 00| 0 ita d | ||
| 041 | _aita | ||
| 100 | 1 |
_aBertoni, Italo _962679 |
|
| 245 | 0 | 0 |
_aLa comunità come fondamento ed il fondamento della comunità _c Italo Bertoni |
| 650 | 0 | 4 |
_aComunidad _9103908 |
| 773 | 0 |
_tGiornali di Metafisica _gvol. 22, nº. 2-3, 1967, págs. 219-227 _w0017-0372 |
|
| 942 | _cAR | ||
| 999 |
_c587001 _d587001 |
||